000 00254nam a2200097Ia 4500
001 719762
005 20250826163049.0
008 250824s9999 xx 000 0 und d
245 0 _aYOLUM DÜŞTÜ AMERİKA YA
_cCANAN TAN
260 _bALTIN KİTAPLAR YAYINLARI
999 _c719762
_d719762